[Event "FIN-chT1A 1617"]
[Site "Finland"]
[Date "2016.12.10"]
[Round "2.1"]
[White "Salo, Tapio"]
[Black "Salokangas, Hannu"]
[Result "1/2-1/2"]
[WhiteElo "2272"]
[BlackElo "2153"]
[PlyCount "27"]
[EventDate "2016.09.17"]
[EventType "team-tourn"]
[EventRounds "7"]
[EventCountry "FIN"]
[SourceTitle "EXT 2019"]
[Source "ChessBase"]
[SourceDate "2018.10.10"]
[SourceVersion "1"]
[SourceVersionDate "2018.10.10"]
[SourceQuality "1"]
[WhiteTeam "Loimaa SK"]
[BlackTeam "Tampere Tammer II"]
[WhiteTeamCountry "FIN"]
[BlackTeamCountry "FIN"]

1. d4 Nf6 2. Nf3 g6 3. c4 Bg7 4. g3 c6 5. Bg2 d5 6. Qb3 dxc4 7. Qxc4 Be6 8. Qc2 Bf5 9. Qb3 Qb6 10. Nbd2 Nbd7 11. 0-0 0-0 12. Qxb6 Nxb6 13. b3 Ne4 14. Nxe4 1/2-1/2

[Event "FIN-chT1 East 1314"]
[Site "Finland"]
[Date "2013.11.02"]
[Round "3.1"]
[White "Kiltti, Jyrki"]
[Black "Salokangas, Hannu"]
[Result "1/2-1/2"]
[WhiteElo "2262"]
[BlackElo "2170"]
[PlyCount "219"]
[EventDate "2013.09.21"]
[EventType "team-tourn"]
[EventRounds "9"]
[EventCountry "FIN"]
[SourceTitle "EXT 2022"]
[Source "ChessBase"]
[SourceDate "2021.10.06"]
[SourceVersion "1"]
[SourceVersionDate "2021.10.06"]
[SourceQuality "1"]
[WhiteTeam "Lahti S"]
[BlackTeam "Tampere Tammer II"]
[WhiteTeamCountry "FIN"]
[BlackTeamCountry "FIN"]

1. e4 Nf6 2. Nc3 d5 3. e5 Nfd7 4. f4 e6 5. Nf3 c5 6. d4 Nc6 7. Be3 a6 8. Qd2 b5 9. Ne2 Qb6 10. g4 h5 11. gxh5 cxd4 12. Nfxd4 Bc5 13. c3 b4 14. Rg1 bxc3 15. bxc3 Kf8 16. Ng3 Rb8 17. Rg2 a5 18. Be2 a4 19. Kf2 Ba6 20. Rag1 Bxe2 21. Ngxe2 Rxh5 22. Qd1 Qa6 23. Rxg7 Rxh2+ 24. R7g2 Rh8 25. Rh1 Rxh1 26. Qxh1 Ke8 27. Rg8+ Bf8 28. f5 Nxd4 29. Bxd4 Rb2 30. c4 Rxe2+ 31. Kxe2 Qxc4+ 32. Ke3 exf5 33. Qa1 Nc5 34. Qc3 f4+ 35. Kxf4 Qf1+ 36. Ke3 Qh3+ 37. Ke2 Qh5+ 38. Qf3 Qh2+ 39. Rg2 Qh7 40. Bxc5 Qc2+ 41. Ke1 Qxc5 42. Qd3 a3 43. Ke2 Qc4 44. Qxc4 dxc4 45. Rg8 Ke7 46. Ke3 Bh6+ 47. Ke4 c3 48. Rc8 Bd2 49. Kd3 Ke6 50. Rc5 Bc1 51. Ke4 Bb2 52. Rc6+ Ke7 53. Kd5 Kf8 54. Rc7 Kg8 55. Ke4 Kf8 56. Kf5 Ke8 57. Kf6 Kd8 58. Rc4 Ke8 59. Rc5 Ba1 60. Ra5 Bb2 61. Rc5 Ba1 62. Rc8+ Kd7 63. Rc4 Ke8 64. Kf5 Bb2 65. Ke4 Kd7 66. Kd5 Ke7 67. Rc7+ Kf8 68. Kd6 Ba1 69. Kc5 Bb2 70. Kb4 Ke8 71. Kb3 Kf8 72. Ra7 Ke8 73. Kc2 Kf8 74. Kd3 Ke8 75. Rc7 Kf8 76. Ke4 Ke8 77. Kf5 Kd8 78. Rc4 Ke7 79. Ke4 Ke6 80. Rc6+ Kd7 81. Kd5 Ba1 82. Rd6+ Ke7 83. Rf6 Bb2 84. Rf2 Bc1 85. Ke4 Ke6 86. Rf6+ Ke7 87. Kf5 Bb2 88. Rc6 Kd7 89. Rc5 Ke7 90. Rc4 Ba1 91. Rh4 Bb2 92. Rh2 Bc1 93. Rh4 Bb2 94. Rc4 Ba1 95. Rc6 Bb2 96. Ke4 Kd7 97. Kd5 Ba1 98. Rd6+ Ke7 99. e6 fxe6+ 100. Rxe6+ Kf7 101. Re2 Bb2 102. Kd6 Bc1 103. Rc2 Bb2 104. Rf2+ Kg6 105. Kd5 Kg5 106. Ke4 Kg6 107. Kd3 Kg5 108. Kc2 Kg6 109. Kb3 Kg5 110. Kc2 1/2-1/2

[Event "FIN Team Cup"]
[Site "Finland"]
[Date "2013.08.10"]
[Round "4.1"]
[White "Salokangas, Hannu"]
[Black "Pohjala, Henri"]
[Result "0-1"]
[WhiteElo "2170"]
[BlackElo "2310"]
[PlyCount "72"]
[EventDate "2013.04.06"]
[EventType "team-k.o."]
[EventRounds "6"]
[EventCountry "FIN"]
[SourceTitle "EXT 2022"]
[Source "ChessBase"]
[SourceDate "2021.10.06"]
[SourceVersion "1"]
[SourceVersionDate "2021.10.06"]
[SourceQuality "1"]
[WhiteTeam "Tampere Tammer II"]
[BlackTeam "Vammala SK"]
[WhiteTeamCountry "FIN"]
[BlackTeamCountry "FIN"]

1. Nf3 d5 2. c4 c6 3. g3 Nf6 4. Bg2 e6 5. b3 Nbd7 6. 0-0 b6 7. Bb2 Bd6 8. d4 0-0 9. Nbd2 Bb7 10. h3 Ne4 11. Ne5 f5 12. e3 Ndf6 13. Kh2 Qe7 14. f3 Ng5 15. Qc2 c5 16. Rae1 Qc7 17. f4 Nge4 18. Bf3 Rae8 19. Re2 b5 20. g4 cxd4 21. Bxd4 dxc4 22. bxc4 Nxd2 23. Rxd2 Bxf3 24. Rxf3 fxg4 25. Rg3 gxh3 26. Kxh3 Bxe5 27. fxe5 Nh5 28. Rg5 g6 29. Rdg2 Kh8 30. c5 Qf7 31. Qb3 a6 32. a4 Qf3+ 33. Kh2 Nf4 34. Qb2 Nxg2 35. Rxg2 Rf5 36. axb5 axb5 0-1

[Event "FIN-chT 0506"]
[Site "Finland"]
[Date "2006.03.12"]
[Round "9.3"]
[White "Dokutchaev, Aleksander"]
[Black "Salokangas, Hannu"]
[Result "1-0"]
[WhiteElo "2409"]
[BlackElo "2171"]
[PlyCount "71"]
[EventDate "2005.09.10"]
[EventType "team-tourn"]
[EventRounds "9"]
[EventCountry "FIN"]
[SourceTitle "EXT 2022"]
[Source "ChessBase"]
[SourceDate "2021.10.06"]
[SourceVersion "1"]
[SourceVersionDate "2021.10.06"]
[SourceQuality "1"]
[WhiteTeam "Joensuu SK"]
[BlackTeam "Tampere Tammer"]
[WhiteTeamCountry "FIN"]
[BlackTeamCountry "FIN"]

1. d4 Nf6 2. Nf3 d5 3. c4 e6 4. Nc3 Nbd7 5. Bg5 c6 6. e3 Qa5 7. cxd5 exd5 8. Bd3 Ne4 9. 0-0 Nxg5 10. Nxg5 Be7 11. Qh5 Bxg5 12. Qxg5 0-0 13. f3 Nf6 14. Rad1 Re8 15. Rd2 h6 16. Qf4 Qd8 17. g4 g5 18. Qg3 Rxe3 19. Qf2 Re7 20. h3 Qd6 21. Re2 Rxe2 22. Nxe2 Be6 23. f4 Ne4 24. Bxe4 dxe4 25. fxg5 hxg5 26. Qf6 Qd8 27. Qh6 Qf8 28. Qxg5+ Qg7 29. Qe7 Bxa2 30. Qxb7 Rd8 31. Qxc6 Rxd4 32. Qa8+ Kh7 33. Qxa7 Rd2 34. Qxa2 f5 35. Rxf5 Rxb2 36. Rh5+ 1-0

[Event "FIN-chT 0506"]
[Site "Finland"]
[Date "2006.02.11"]
[Round "7.2"]
[White "Salokangas, Hannu"]
[Black "Koskinen, Henri"]
[Result "1/2-1/2"]
[WhiteElo "2171"]
[BlackElo "2296"]
[PlyCount "44"]
[EventDate "2005.09.10"]
[EventType "team-tourn"]
[EventRounds "9"]
[EventCountry "FIN"]
[SourceTitle "EXT 2022"]
[Source "ChessBase"]
[SourceDate "2021.10.06"]
[SourceVersion "1"]
[SourceVersionDate "2021.10.06"]
[SourceQuality "1"]
[WhiteTeam "Tampere Tammer"]
[BlackTeam "Vantaa EtVaS"]
[WhiteTeamCountry "FIN"]
[BlackTeamCountry "FIN"]

1. e4 e5 2. Nf3 Nc6 3. Nc3 Nf6 4. d4 exd4 5. Nxd4 Bb4 6. Nxc6 bxc6 7. Bd3 d5 8. exd5 cxd5 9. 0-0 0-0 10. Bg5 c6 11. Qf3 Bd6 12. Rfe1 h6 13. Bxf6 Qxf6 14. Qxf6 gxf6 15. Na4 Be6 16. Rad1 Rfe8 17. b3 Rad8 18. Re2 Kf8 19. Rde1 Bb4 20. Rd1 Bd6 21. Rde1 Bb4 22. Rd1 Bd6 1/2-1/2

[Event "Tampere We Taraus op"]
[Site "Tampere"]
[Date "2006.??.??"]
[Round "4"]
[White "Karttunen, Mika"]
[Black "Salokangas, Hannu"]
[Result "1-0"]
[WhiteElo "2421"]
[BlackElo "2177"]
[PlyCount "85"]
[EventDate "2006.??.??"]
[EventType "swiss"]
[EventRounds "5"]
[EventCountry "FIN"]
[SourceTitle "EXT 2007"]
[Source "ChessBase"]
[SourceDate "2006.11.23"]
[SourceVersion "1"]
[SourceVersionDate "2006.11.23"]
[SourceQuality "1"]

1. d4 Nf6 2. Bg5 Ne4 3. Bf4 d5 4. e3 e6 5. Bd3 Bd6 6. Ne2 0-0 7. Bxe4 dxe4 8. Nd2 f5 9. 0-0 Nc6 10. Bxd6 cxd6 11. c4 b6 12. a3 Kh8 13. b4 Bb7 14. Nf4 Qd7 15. b5 Ne7 16. f3 e5 17. Ne2 exf3 18. Nxf3 Qe6 19. d5 Qh6 20. Qb3 Ng6 21. a4 f4 22. e4 Bc8 23. a5 Bg4 24. axb6 axb6 25. Ra6 Rab8 26. Kh1 Nh4 27. Neg1 g5 28. Nxh4 Qxh4 29. Qa3 Qh6 30. Ra7 Qg6 31. h3 Bh5 32. Rd7 g4 33. Qxd6 Qxe4 34. Qe7 Rf7 35. Rd8+ Rxd8 36. Qxd8+ Kg7 37. Qg5+ Bg6 38. hxg4 h6 39. Qd8 Qxc4 40. Ra1 Qxb5 41. Ra8 Bh7 42. Qh8+ Kg6 43. Qxe5 1-0

[Event "Tampere We Taraus op"]
[Site "Tampere"]
[Date "2006.??.??"]
[Round "3"]
[White "Salokangas, Hannu"]
[Black "Niemi, Mikko"]
[Result "1/2-1/2"]
[WhiteElo "2177"]
[BlackElo "2130"]
[PlyCount "48"]
[EventDate "2006.??.??"]
[EventType "swiss"]
[EventRounds "5"]
[EventCountry "FIN"]
[SourceTitle "EXT 2007"]
[Source "ChessBase"]
[SourceDate "2006.11.23"]
[SourceVersion "1"]
[SourceVersionDate "2006.11.23"]
[SourceQuality "1"]

1. c4 d6 2. g3 g6 3. Bg2 Bg7 4. Nc3 e5 5. d3 Ne7 6. e3 0-0 7. Nge2 c5 8. 0-0 Nbc6 9. a3 a5 10. Rb1 Rb8 11. Bd2 Be6 12. Nd5 b5 13. Nxe7+ Nxe7 14. cxb5 Rxb5 15. a4 Rb8 16. Qe1 Bb3 17. Bxa5 Qd7 18. Qd2 Nc6 19. Bc3 Nb4 20. d4 exd4 21. exd4 Bxa4 22. dxc5 dxc5 23. Qxd7 Bxd7 24. Nf4 Rfd8 1/2-1/2